00813nam a2200205 a 450000100100000000500170001000800410002704000250006808200190009310000270011224500960013926000450023530000280028059000260030865000340033465000440036891000380041295201400045099900170059000002713220200930030625.0110329s1992 dr a r 000 0 spa d aDO-SdBNPbspacBNPHU a794.172bP349a1 aPeña, Román95419610aAjedrez dominicano :bblancas contra computadora, "Kasparov" turbo S 24K /cRomán Peña. aSanto Domingo :bImpresora Lydda,c1992. a138 p. :bil. ;c21 cm. aInventariado, 2018/BT 4aAjedrez por computador954197 4aAjedrezxEstrategia y tácticas912532 aValidado. Control de calidad. EMS 0010718PDaPDbPDcHDd2011-03-29iLF1l0o794.172 P349ap27132-10r2020-06-25w2020-06-25yLFPDzDedicado por el autorZNo se presta c26624d26624